000 00499nam a22001697a 4500
005 20251108164127.0
008 250721s1987 xx 000 0 ara d
082 1 4 _a414.2/عبا
100 1 _aعباس، فضل حسن
245 1 0 _aالبلاغة فنونها و أفنانها :
_bعلم البلاغة و البديع /
264 1 _aعمان :
_bدار القرقان،
_c1987.
300 _a415ص
650 1 7 _aالبلاغة
650 1 7 _aالبيان
942 _2ddc
_cBK
999 _c4302
_d4302